000 00573nam a2200205Ia 4500
003 OSt
005 20230405103906.0
008 210423s2007 xx 000 0 und d
020 _a8130904411
040 _cAL
041 _aeng
082 _a809.935 BLOH
100 _aBLOOM (Harold),Ed.
_983109
245 _aViva blooms notes Fyodor Dostoevskys crime and punishment.
260 _aNew Delhi
_bViva Books Pvt Ltd
_c2007
300 _a88
_bPB
365 _b70
_cINR
906 _ablooms ; crime ; Dostoevskys ; Fyodor ; notes ; punishment. ; Viva
942 _2ddc
_cBK
999 _c158084
_d158084